| 000 | 00727nam a22002417a 4500 | ||
|---|---|---|---|
| 999 |
_c15076 _d15076 |
||
| 003 | AR-CdUCM | ||
| 008 | 190425b ||||| |||| 00| 0 spa d | ||
| 020 | _a84-7864-362-1 | ||
| 040 |
_aMUNICIPALIDAD PROVINCIAL DEL CUSCO _cBIBLIOTECA MUNICIPAL DEL CUSCO |
||
| 041 | _heng | ||
| 082 |
_aPI / 376.1 / _bR57 |
||
| 100 |
_aRifá, Fina _934091 |
||
| 245 | _aCaracol, col, col / | ||
| 260 |
_aBarcelona : _bEsin, _c1999. |
||
| 300 |
_bilustraciones, _c20 cm. |
||
| 440 |
_aConbel. _n7 _934092 |
||
| 650 |
_aAprendizaje infantil _933271 |
||
| 650 |
_aNarración infantil _933251 |
||
| 650 |
_aLiteratura infantil _9588 |
||
| 700 |
_aLloret, J. Martín (traducción) _934093 |
||
| 942 |
_2ddc _cLIBROS |
||
| 945 |
_aachl _d2019-04-25 |
||